KOHA-Header-6

حضرت عثمان غنی (Record no. 13540)

000 -LEADER
fixed length control field 00352nam a22001217a 4500
082 ## - DEWEY DECIMAL CLASSIFICATION NUMBER
Classification number 297.009
Item number ع ل ی
100 ## - MAIN ENTRY--AUTHOR NAME
Personal name محمّد علی چراغ
245 ## - TITLE STATEMENT
Title حضرت عثمان غنی
260 ## - PUBLICATION, DISTRIBUTION, ETC. (IMPRINT)
Place of publication لاہور
Name of publisher نزیر سنز پبلشرز
Year of publication ٢٠٠٥
300 ## - PHYSICAL DESCRIPTION
Number of Pages ١٤٤ صفحات
650 ## - SUBJECT ADDED ENTRY--TOPICAL TERM
Topical Term Hazrat Usman Ghani, Islam, Khalifa
942 ## - ADDED ENTRY ELEMENTS (KOHA)
Koha item type Books
Holdings
Withdrawn status Lost status Collection code Permanent Location Current Location Shelving location Date acquired Full call number Accession Number Koha item type
    Islamic Personalities Biographies MAJU MAJU Shelf No.A10 2022-12-07 297.009 ع ل ی 10622 Books

Powered by Koha